[Event "32. Potsdamer Weihnachtsturnier"]
[Site "Potsdam"]
[Date "31.14.23"]
[Round "3.33"]
[White "Roitzsch, Hans-Werner"]
[Black "Hahn, Thomas"]
[Result "0-1"]
[WhiteElo "1600"]
[BlackElo "1714"]
[PlyCount "60"]
[EventDate "31.??.??"]

1. e4 d5 2. exd5 Qxd5 3. Nc3 Qa5 4. d4 Nf6 5. Bd2 c6 6. Bd3 Bf5 7. Nb5 Qb6 8.
Nc7+ Qxc7 9. Bxf5 e6 10. Bd3 Nbd7 11. Nf3 O-O-O 12. O-O Be7 13. c4 Bd6 14. Qa4
Kb8 15. b4 Bf4 16. Bc3 e5 17. dxe5 Nxe5 18. Bxe5 Bxe5 19. Nxe5 Qxe5 20. Qc2 Ng4
21. g3 Qh5 22. h4 g5 23. Bf5 gxh4 24. Bxg4 Qxg4 25. Qc3 Rhg8 26. Kh2 Qh5 27.
gxh4 Qxh4+ 28. Qh3 Qxh3+ 29. Kxh3 Rd6 30. Kh4 Rh6# 0-1

[Event "32. Potsdamer Weihnachtsturnier"]
[Site "Potsdam"]
[Date "31.14.23"]
[Round "3.36"]
[White "Schulz, Alfred"]
[Black "Schröder, Helge"]
[Result "1-0"]
[WhiteElo "1516"]
[BlackElo "1601"]
[PlyCount "101"]
[EventDate "31.??.??"]

1. d4 d5 2. c4 e6 3. Nc3 Nf6 4. Bg5 Be7 5. Nf3 Nbd7 6. e3 c6 7. cxd5 exd5 8.
Bd3 Ne4 9. Bxe7 Qxe7 10. Qc2 f5 11. O-O g5 12. Nd2 g4 13. Rae1 Qh4 14. Bxe4
fxe4 15. Ne2 Nf6 16. Nf4 Bd7 17. Qc5 Nh5 18. Qd6 O-O-O 19. Ne6 Bxe6 20. Qxe6+
Kb8 21. g3 Qf6 22. Qxg4 Ng7 23. f3 h5 24. Qf4+ Qxf4 25. exf4 exf3 26. Nxf3 Rde8
27. Re5 Kc7 28. Rfe1 Kd7 29. Kf2 b6 30. Rg5 Ne6 31. Rg6 c5 32. Ne5+ Kc8 33. Nf7
Nxd4 34. Rxe8+ Rxe8 35. Nd6+ Kd7 36. Nxe8 Kxe8 37. Rg5 h4 38. Rxd5 hxg3+ 39.
hxg3 Nc2 40. a3 Ke7 41. Rg5 Kf8 42. Rd5 Ke7 43. Rh5 Kd6 44. Rh7 a6 45. Rh6+ Kc7
46. g4 Nd4 47. f5 c4 48. Ke3 Nc6 49. Ke4 b5 50. Kd5 Ne7+ 51. Kc5 1-0